LEADER 00960cam2 22002531 450 001 SOBE00070894 005 20220411090131.0 100 $a20220411d1938 |||||ita|0103 ba 101 $aita 102 $aIT 200 0 $aParte 2.2$fBanca d'Italia 210 $aRoma$cIstituto poligrafico dello Stato$d1938 215 $aP. 1154-1918$d29 cm 461 1$1001SOBE00070891$12001 $a<>economia italiana nel sessennio 1931-1936 / Banca d'Italia 710 02$a*Banca d'*Italia$3A600200028416$4070$072164 801 0$aIT$bUNISOB$c20220411$gRICA 850 $aUNISOB 852 $aUNISOB$jFondo|Craveri$m173456 912 $aSOBE00070894 940 $aM 102 Monografia moderna SBN 941 $aW 957 $aFondo|Craveri$bXL (40)$i-2.2$gSI$d173456$n20201102$hCraveri$rDono$1rovito$2UNISOB$3UNISOB$420220411090036.0$520220411090124.0$6rovito$fPer le modalità di consultazione vedi home page Biblioteca link Fondi 996 $aParte 2.2$92821017 997 $aUNISOB LEADER 01495nas 2200361 u 450 001 9910327258903321 005 20241204171802.0 011 $a2241-7958 024 7 $a10.30958/aje 035 $a(CKB)12222311900041 035 $a(EXLCZ)9912222311900041 100 $a20190702a2014 || | 101 0 $aeng 181 $ctxt$2rdacontent 182 $cc$2rdamedia 183 $acr$2rdacarrier 200 00$aAthens Journal of Education 210 1$aAthens, Greece :$cpublished by the Education Unit of ATINER,$d2014 300 $aRefereed/Peer-reviewed 300 $aTitle from journal's home page, viewed July 2, 2019. 311 0 $a2407-9898 330 $a"The Athens Journal of Education (AJE) is an Open Access quarterly double blind peer reviewed journal and considers papers from all areas of education. Many of the papers published in this journal have been presented at the various conferences sponsored by the Education Unit of the Athens Institute for Education and Research (ATINER). All papers are subject to ATINER?s Publication Ethical Policy and Statement."--$cFrom journal's website. 517 3 $aAJE 606 $aEducation$vPeriodicals$9lat$2NLI 606 $aEducation$vPeriodicals 615 7$aEducation 615 0$aEducation 712 02$aAthens Institute for Education and Research Business,$bEducation Unit 912 $a9910327258903321 996 $aAthens Journal of Education$92230118 997 $aUNINA 999 $aSER 999 $aEJOURNAL